| 000 | 01984cad a22002415a 4500 | ||
|---|---|---|---|
| 001 | E148601 | ||
| 008 | 091012s2009 xxk f s000 0 eng d | ||
| 020 | _a9780755991051 | ||
| 035 | _a(Sirsi) u148601 | ||
| 041 | 0 | _aeng | |
| 050 | 0 | 4 | _a333.72 $2 18 |
| 110 | 2 |
_aScotland _bScottish Government _95344 |
|
| 245 | 0 | 0 |
_aConserve and save _ba consultation on the Energy Efficiency Action Plan for Scotland _h[electronic resource] |
| 260 |
_aEdinburgh _bScottish Government _c2009 |
||
| 505 | 2 | _aIntroduction and srategic context -- Current trends in energy usage -- Barriers to improving energy efficiency and reducing energy consumption -- Energy efficiency targets & issues around data and monitoring -- Changing attitudes and behaviours -- Making Scotland's homes more energy efficient, strategic issues -- Making Scotland's existing homes more energy efficient, the role of the regulatory standards for housing: options for the private rented sector; future options for the Home Energy Conservation Act -- Energy efficiency in non-domestic buildings and processes -- The public sector -- Cross-cutting issues relating to the built environment -- Changing how we use our transport system -- Enterprise and skills: part 1: innovation, investment and opportunity; part 2: developing skills and jobs in energy efficiency -- Key partners and responsibilities -- Conclusions and next steps | |
| 520 | _aA wide-ranging consultation on the Energy Efficiency Plan for Scotland, which seeks views on current and proposed activity, and discusses issues relating to energy efficiency and associated economic and climate change challenges. Deadline for comments is 5 January 2010. | ||
| 521 | _aAdvanced | ||
| 590 | _aKA | ||
| 651 | 4 |
_aScotland _y1999- |
|
| 690 | _aENVIRONMENTAL AND LAND CONSULTANCY-ENERGY-ENERGY USE-ENERGY EFFICIENCY | ||
| 856 | 4 | 0 |
_uhttps://www.scotland.gov.uk/Publications/2009/10/07160816 _zView the consultation free of charge at www.scotland.gov.uk... |
| 942 | _n0 | ||
| 999 |
_c110122 _d110122 |
||